| 000 | 00628nam a22002057a 4500 | ||
|---|---|---|---|
| 005 | 20130507122547.0 | ||
| 010 | _aENG-106984 | ||
| 020 |
_a8183180272 _c395.00 |
||
| 035 | _aEN-90517 | ||
| 037 | _bDBAD/PUB | ||
| 082 | _a571.86 | ||
| 100 | _aArora, Mohan P. | ||
| 245 | 1 | 0 |
_aEmbryology / _cby Moham P. Arora ; edited by Chander Kanta |
| 260 |
_aNew Delhi _bHimalaya Publishing House _c2012(repr.) |
||
| 270 |
_aPooja Apartment,4-B, Ansari Road,Daryaganj _bNew Delhi _e110001 |
||
| 300 |
_a498p.: _c24cm(pbk) _bill. |
||
| 500 | _aIncludes index | ||
| 700 | _aChander Kanta | ||
| 942 |
_2ddc _cEN _mARO _h571.86 |
||
| 999 |
_c75120 _d75120 |
||